Domy chráněné zemí

Gespeichert in:
Bibliographische Detailangaben
1. Verfasser: Frkal, Luděk (Verfasst von)
Format: Buch
Sprache:Tschechisch
Veröffentlicht: Brno : ERA, 2007
Ausgabe:1.vyd
Schlagworte:
Tags: Tag hinzufügen
Keine Tags, Fügen Sie das erste Tag hinzu!

MARC

LEADER 00000nam a22000003a 4500
001 stu146160
005 20150617225939.9
008 071003s2007------------------------cze-d
020 |a 978-80-7366-095-6 
040 |a STU  |b slo 
041 0 |a cze 
100 1 |a Frkal, Luděk  |4 aut 
245 1 |a Domy chráněné zemí 
250 |a 1.vyd 
260 |a Brno :  |b ERA,  |c 2007 
300 |a 94 s 
650 7 |a nízkoenergetický dom  |2 stusub 
650 7 |a ekológia  |2 stusub 
650 7 |a domy v zemi  |2 stusub 
650 7 |a domy rodinné  |2 stusub 
650 7 |a ekologická architektúra  |2 stusub 
996 |b 284V030664  |c V*49865/O-22126  |l VVS  |s A  |a 24  |w stu146160_0001 
996 |b 284V030474  |c V*49672/O-22023  |l VVT  |s A  |a 24  |w stu146160_0002 
996 |b 284V034153  |c V*49673/O-22023a  |l VVS  |s A  |a 24  |w stu146160_0003 
996 |b 284AU03606  |c A*5460 U  |l AAKNAR  |s A  |a 24  |w stu146160_0004 
996 |b 284V030508  |c V*51992/O-23234  |l VVS  |s A  |a 24  |w stu146160_0005 
996 |b 284AU03609  |c A*5463 U  |l AAKNAR  |s A  |a 24  |w stu146160_0007 
996 |b 284AU03610  |c A*5464 U  |l AAKNAR  |s A  |a 24  |w stu146160_0008 
996 |b 284AU03607  |c A*5461 U  |l AAKNAR  |s A  |a 24  |w stu146160_0009